00725 2200217 4500001002100000005001700021008004100038035002400079040001200103041000800115082002000123090001800143245008500161260007900246300003700325504002800362651002600390710006100416850001200477990001800489INLIS00000000003436420180306105459.0  0010-031800000000307 aYOPDYOG0 aind042[23]a959.82703 a959.82703 Ens1 aENSIKLOPEDI Kotagede /cTim Dinas Kebudayaan Provinsi Daerah Istimewa Yogyakarta aYogyakartabTim Dinas Kebudayaan Provinsi Daerah Istimewa Yogyakartac2009 a226, (3) hlm. :bilus. ;c25 cm. aBibliografi: hlm. [227] 4aKotagedevEnsiklopedi2 aTim Dinas Kebudayaan Provinsi Daerah Istimewa Yogyakarta aYOPDYOG a58733-PD/A.18